01842nam a2200241Ia 4500001000600000003000900006008004100015040001300056040001300069041001300082100002100095100002900116245006200145245006300207250001100270260001200281260001400293260004900307300005700356500111600413650004001529650003101569H6566IT-RoPAU130308s9999 xx 000 0 und d aIT-RoPAU cIT-RoPAU aITALIANO aBargellini Piero gCodice Aut. SPICS: 58572 aBelvedere - II- Arte etrusca - Panorama storico dell'arte bBelvedere - Ii- Arte Etrusca - Panorama Storico dell'arte  a1a ed. aFIRENZE bVallecchi c1958 [1° Ed.:1958 - Ed.Ling.Originale:1958] a"340 p. (prefazione: no ; testo: 340 [pagine: 0-0])" a"Ceneri Dentro Vaso Biconico e Civiltà Villanoviana. Elmo Sul Vaso Cinerario e misterioso Popolo degli Etruschi. Lituo Ricurvo e Etrusca Disciplina. Busto del Lucumone e Prima Dodecapoli. tombe Rotonde e Arte Orientaleggiante. Leggenda di Roma e Realtà di Misa presso Marzabotto. Tempio di Legno e suo Rivestimento in Terracotta. sorriso di Vulca e scultura Etrusca. Quartiere del vivo Defunto e tombe Scavate nella Roccia. tombe Violate e Suppellettili della Casa. proiezione dei Vasi e Pareti Decorate. Uovo della Fecondità e Ghirlanda della Vita. Musica Attorno al Triclinio e Decorazione di Stile Attico. tomba del Littore e caduta di Veio. Iato Etrusco e Mater Matuta. regno della Morte e Arrivo nella tomba dei Velii. tomba dell'Orco e Veliasposa Triste del Velca. Tregua dei Quarant'Anni e tomba dei rilievi Dipinti. Vita Stagnante e Urnette Cinerarie. gusto Ellenistico e Ipogeo dei Volumni. piccola Aconia Quartilla e L'Etruria Romanizzata. Fratelli D'Aconia e nuove generazioni degli Etruschi. Indici: Riassunto del Secondo Volume; tavole a Colori; Illustrazioni in Nero; Nomi e Cose Notevoli." aSTORIA UNIVERSALE DELLE ARTI VISIVE eCodice materia Spics: 5009